[Event "5. Abierto Ciudad de Dos Hermanas"]
[Site "Dos Hermanas ESP"]
[Date "2006.04.04"]
[Round "6"]
[White "Campora, Daniel H"]
[Black "Burmakin, Vladimir"]
[Result "1/2-1/2"]
[WhiteElo "2541"]
[BlackElo "2519"]
[PlyCount "55"]
[EventDate "2006.03.30"]
[EventType "swiss"]
[EventRounds "9"]
[EventCountry "ESP"]
[Source "lmi"]
[SourceDate "2006.04.07"]

1. e4 c6 2. d4 d5 3. Nc3 dxe4 4. Nxe4 Nd7 5. Nf3 Ngf6 6. Nxf6+ Nxf6 7. c3 Bg4
8. h3 Bh5 9. g4 Bg6 10. Ne5 Qd5 11. f3 Nd7 12. Bc4 Qd6 13. Bf4 Nxe5 14. Bxe5
Qd7 15. Qe2 e6 16. O-O-O O-O-O 17. Qe3 h5 18. h4 Re8 19. g5 Rg8 20. Rhe1 Bd6
21. Bd3 Bxd3 22. Rxd3 Bc7 23. Qe4 Bd8 24. Bg3 Bc7 25. Be5 Bd8 26. Bg3 Bc7 27.
Be5 Bd8 28. Bg3 1/2-1/2

[Event "5. Abierto Ciudad de Dos Hermanas"]
[Site "Dos Hermanas ESP"]
[Date "2006.04.04"]
[Round "6"]
[White "Fernandez Romero, Ernesto"]
[Black "Epishin, Vladimir"]
[Result "1/2-1/2"]
[WhiteElo "2460"]
[BlackElo "2553"]
[PlyCount "58"]
[EventDate "2006.03.30"]
[EventType "swiss"]
[EventRounds "9"]
[EventCountry "ESP"]
[Source "lmi"]
[SourceDate "2006.04.07"]

1. e4 c5 2. Nf3 e6 3. b3 b6 4. d4 cxd4 5. Nxd4 Bb7 6. Bd3 Nc6 7. Nxc6 Bxc6 8.
Bb2 d5 9. Nd2 Nf6 10. Qe2 dxe4 11. Nxe4 Bb4+ 12. c3 Be7 13. O-O Qc7 14. Rad1
O-O 15. c4 Bxe4 16. Bxe4 Rad8 17. Bf3 a5 18. g3 Nd7 19. Be4 g6 20. h4 Nf6 21.
Bf3 Rxd1 22. Rxd1 Rd8 23. h5 Rxd1+ 24. Qxd1 Nd7 25. Qd2 Qd6 26. Qxd6 Bxd6 27.
hxg6 hxg6 28. Bc6 Ne5 29. Bxe5 Bxe5 1/2-1/2

[Event "5. Abierto Ciudad de Dos Hermanas"]
[Site "Dos Hermanas ESP"]
[Date "2006.04.04"]
[Round "6"]
[White "Tissir, Mohamed"]
[Black "Krivoshey, Sergei"]
[Result "1/2-1/2"]
[WhiteElo "2444"]
[BlackElo "2553"]
[PlyCount "30"]
[EventDate "2006.03.30"]
[EventType "swiss"]
[EventRounds "9"]
[EventCountry "ESP"]
[Source "lmi"]
[SourceDate "2006.04.07"]

1. e4 e6 2. d4 d5 3. Nd2 c5 4. Ngf3 cxd4 5. exd5 Qxd5 6. Bc4 Qd6 7. O-O Nf6 8.
Nb3 Nc6 9. Nbxd4 Nxd4 10. Nxd4 a6 11. Re1 Bd7 12. c3 Qc7 13. Qe2 Bd6 14. h3
O-O-O 15. a4 Kb8 1/2-1/2

[Event "5. Abierto Ciudad de Dos Hermanas"]
[Site "Dos Hermanas ESP"]
[Date "2006.04.04"]
[Round "6"]
[White "Perez, Rodney"]
[Black "Dizdar, Goran"]
[Result "1/2-1/2"]
[WhiteElo "2425"]
[BlackElo "2531"]
[PlyCount "52"]
[EventDate "2006.03.30"]
[EventType "swiss"]
[EventRounds "9"]
[EventCountry "ESP"]
[Source "lmi"]
[SourceDate "2006.04.07"]

1. e4 e6 2. d4 d5 3. Nd2 c5 4. exd5 exd5 5. Ngf3 Nf6 6. Bb5+ Bd7 7. Bxd7+ Nbxd7
8. O-O Be7 9. dxc5 Nxc5 10. Nb3 Nce4 11. Nfd4 Qd7 12. f3 Nd6 13. Nc5 Qc8 14.
Nd3 O-O 15. Re1 Re8 16. c3 Qc4 17. Bf4 Bf8 18. Be5 Nd7 19. Bg3 Rxe1+ 20. Bxe1
Re8 21. Bf2 a6 22. a4 g6 23. Qc2 Bg7 24. Rd1 Rc8 25. Nc1 Nf6 26. Nce2 Nde8
1/2-1/2

[Event "5. Abierto Ciudad de Dos Hermanas"]
[Site "Dos Hermanas ESP"]
[Date "2006.04.04"]
[Round "6"]
[White "Zambrana, Oswaldo"]
[Black "Matamoros Franco, Carlos S"]
[Result "0-1"]
[WhiteElo "2405"]
[BlackElo "2510"]
[PlyCount "56"]
[EventDate "2006.03.30"]
[EventType "swiss"]
[EventRounds "9"]
[EventCountry "ESP"]
[Source "lmi"]
[SourceDate "2006.04.07"]

1. e4 e5 2. Nf3 Nc6 3. Bc4 Nf6 4. d3 Be7 5. O-O O-O 6. Re1 d6 7. a4 Kh8 8. c3
Ng8 9. d4 f5 10. dxe5 fxe4 11. Rxe4 Rxf3 12. gxf3 Bf5 13. Be3 Bxe4 14. fxe4
Nxe5 15. Be2 Bg5 16. Qc1 Bh6 17. Bxh6 Nxh6 18. Qe3 Qf6 19. Nd2 Rf8 20. Rf1 Ng6
21. Kh1 Nf4 22. f3 Nf7 23. Rd1 Ne5 24. Bf1 b6 25. a5 g5 26. axb6 axb6 27. Ra1
g4 28. Ra7 g3 0-1

[Event "5. Abierto Ciudad de Dos Hermanas"]
[Site "Dos Hermanas ESP"]
[Date "2006.04.04"]
[Round "6"]
[White "Lalic, Bogdan"]
[Black "Pogorelov, Ruslan"]
[Result "1/2-1/2"]
[WhiteElo "2488"]
[BlackElo "2402"]
[PlyCount "28"]
[EventDate "2006.03.30"]
[EventType "swiss"]
[EventRounds "9"]
[EventCountry "ESP"]
[Source "lmi"]
[SourceDate "2006.04.07"]

1. Nf3 Nf6 2. c4 e6 3. g3 d5 4. Bg2 dxc4 5. Qa4+ c6 6. Qxc4 b5 7. Qc2 Bb7 8.
O-O c5 9. d3 Nbd7 10. a4 a6 11. Bg5 Be7 12. Nc3 Bc6 13. axb5 axb5 14. Rxa8 Qxa8
1/2-1/2

[Event "5. Abierto Ciudad de Dos Hermanas"]
[Site "Dos Hermanas ESP"]
[Date "2006.04.04"]
[Round "6"]
[White "Castellanos, Renier"]
[Black "Perez Garcia, Roberto"]
[Result "1-0"]
[WhiteElo "2467"]
[BlackElo "2180"]
[PlyCount "43"]
[EventDate "2006.03.30"]
[EventType "swiss"]
[EventRounds "9"]
[EventCountry "ESP"]
[Source "lmi"]
[SourceDate "2006.04.07"]

1. e4 e6 2. d4 d5 3. Nc3 Bb4 4. e5 c5 5. a3 Ba5 6. b4 cxd4 7. Qg4 Ne7 8. Qxg7
Rg8 9. Qxh7 dxc3 10. bxa5 Nd7 11. Nf3 Qc7 12. Bf4 Nf8 13. Qd3 Nfg6 14. Bg3 Nf5
15. Be2 Bd7 16. Rb1 a6 17. O-O Nxg3 18. fxg3 O-O-O 19. Qe3 Qxa5 20. Qa7 Bc6 21.
Nd4 Nxe5 22. Nxc6 1-0

[Event "5. Abierto Ciudad de Dos Hermanas"]
[Site "Dos Hermanas ESP"]
[Date "2006.04.04"]
[Round "6"]
[White "Alexandrova, Olga"]
[Black "Rodriguez Aguilera, Antonio"]
[Result "1/2-1/2"]
[WhiteElo "2372"]
[BlackElo "2231"]
[PlyCount "70"]
[EventDate "2006.03.30"]
[EventType "swiss"]
[EventRounds "9"]
[EventCountry "ESP"]
[Source "lmi"]
[SourceDate "2006.04.07"]

1. d4 Nf6 2. c4 c5 3. d5 e6 4. Nc3 exd5 5. cxd5 d6 6. e4 g6 7. f4 Bg7 8. Bb5+
Nfd7 9. a4 O-O 10. Nf3 a6 11. Be2 Nf6 12. O-O Bg4 13. e5 Bxf3 14. Bxf3 dxe5 15.
fxe5 Nfd7 16. e6 Ne5 17. Bg4 fxe6 18. Bxe6+ Kh8 19. Rxf8+ Qxf8 20. Bg5 Nbd7 21.
Qe2 c4 22. Rf1 Qb4 23. Kh1 Rf8 24. Rxf8+ Nxf8 25. Qf2 Nfd7 26. h3 Nd3 27. Qe2
Qxb2 28. Bxd7 Qa1+ 29. Nd1 Qxd1+ 30. Qxd1 Nf2+ 31. Kg1 Nxd1 32. Be6 h6 33. Be7
Bd4+ 34. Kf1 Kg7 35. d6 Bc5 1/2-1/2

[Event "5. Abierto Ciudad de Dos Hermanas"]
[Site "Dos Hermanas ESP"]
[Date "2006.04.04"]
[Round "6"]
[White "Garcia Luque, Agustin"]
[Black "Borondo Garcia, Raul"]
[Result "1-0"]
[WhiteElo "2355"]
[BlackElo "2054"]
[PlyCount "59"]
[EventDate "2006.03.30"]
[EventType "swiss"]
[EventRounds "9"]
[EventCountry "ESP"]
[Source "lmi"]
[SourceDate "2006.04.07"]

1. e4 e6 2. d3 c5 3. Nf3 Nc6 4. Nbd2 d6 5. c3 Nf6 6. g3 Be7 7. Bg2 O-O 8. O-O
d5 9. e5 Nd7 10. Re1 Qc7 11. Qe2 a5 12. a4 b6 13. Nf1 Bb7 14. h4 Rfe8 15. Bf4
Nf8 16. h5 Qd8 17. h6 g5 18. Nxg5 Ng6 19. Qh5 Qd7 20. Nh2 Ba6 21. Rad1 Rab8 22.
Ng4 Nd8 23. b3 b5 24. c4 bxc4 25. dxc4 Qb7 26. cxd5 Qxb3 27. Ne4 Nxf4 28. gxf4
Kh8 29. d6 Be2 30. dxe7 1-0

[Event "5. Abierto Ciudad de Dos Hermanas"]
[Site "Dos Hermanas ESP"]
[Date "2006.04.04"]
[Round "6"]
[White "Carretero Ortiz, Francisco"]
[Black "Khamrakulov, Ibragim S"]
[Result "1/2-1/2"]
[WhiteElo "2183"]
[BlackElo "2499"]
[PlyCount "39"]
[EventDate "2006.03.30"]
[EventType "swiss"]
[EventRounds "9"]
[EventCountry "ESP"]
[Source "lmi"]
[SourceDate "2006.04.07"]

1. e4 c5 2. Nf3 e6 3. Nc3 a6 4. d4 cxd4 5. Nxd4 Qc7 6. g3 b5 7. Bg2 Bb7 8. O-O
d6 9. Re1 Be7 10. Qg4 Nd7 11. Bg5 Ne5 12. Qh5 Ng6 13. Rad1 Nf6 14. Bxf6 gxf6
15. f4 Qc5 16. f5 O-O 17. Kh1 b4 18. Nb1 exf5 19. Qxf5 Kh8 20. c3 1/2-1/2

[Event "5. Abierto Ciudad de Dos Hermanas"]
[Site "Dos Hermanas ESP"]
[Date "2006.04.04"]
[Round "6"]
[White "Vila Gazquez, Javier"]
[Black "Velandrino Gomez, Maria Cielo"]
[Result "1-0"]
[WhiteElo "2317"]
[BlackElo "1997"]
[PlyCount "99"]
[EventDate "2006.03.30"]
[EventType "swiss"]
[EventRounds "9"]
[EventCountry "ESP"]
[Source "lmi"]
[SourceDate "2006.04.07"]

1. e4 e6 2. d4 d5 3. Nc3 Nf6 4. e5 Nfd7 5. f4 c5 6. Nf3 Nc6 7. Be3 cxd4 8. Nxd4
Bc5 9. Qd2 O-O 10. O-O-O a6 11. Qf2 Nxd4 12. Bxd4 Bxd4 13. Qxd4 Qc7 14. Bd3 b5
15. Rhe1 Qc5 16. Ne2 Qxd4 17. Nxd4 Nc5 18. Re3 Bd7 19. Rh3 Nxd3+ 20. cxd3 f6
21. Rf3 a5 22. Kd2 Rac8 23. Rff1 fxe5 24. fxe5 h6 25. Ke3 a4 26. Rc1 Rxf1 27.
Rxf1 Rc7 28. Kd2 Rb7 29. Rc1 Kf7 30. Rc5 g5 31. Ke3 h5 32. Rc1 Ke7 33. Rf1 Rb8
34. h3 Rg8 35. g3 h4 36. g4 Rc8 37. Kd2 Rb8 38. Rf6 Rg8 39. Rh6 Rf8 40. a3 Rf7
41. Kc2 Rg7 42. Rh8 Be8 43. Nxe6 Kxe6 44. Rxe8+ Kd7 45. Rb8 Kc6 46. Kc3 Re7 47.
Kd4 Rg7 48. Rd8 Rf7 49. e6 Re7 50. Ke5 1-0

[Event "5. Abierto Ciudad de Dos Hermanas"]
[Site "Dos Hermanas ESP"]
[Date "2006.04.04"]
[Round "6"]
[White "Neelotpal, Das"]
[Black "Candela Perez, Jose"]
[Result "1/2-1/2"]
[WhiteElo "2512"]
[BlackElo "2410"]
[PlyCount "61"]
[EventDate "2006.03.30"]
[EventType "swiss"]
[EventRounds "9"]
[EventCountry "ESP"]
[Source "lmi"]
[SourceDate "2006.04.07"]

1. e4 c5 2. Nf3 d6 3. Nc3 Nf6 4. d4 cxd4 5. Nxd4 a6 6. Bg5 e6 7. f4 Qb6 8. Qd2
Qxb2 9. Rb1 Qa3 10. f5 Nc6 11. fxe6 fxe6 12. Nxc6 bxc6 13. Bxf6 gxf6 14. Be2
Qa5 15. O-O Be7 16. Qe3 O-O 17. Rb6 Qe5 18. Rxc6 d5 19. Qg3+ Qxg3 20. hxg3 d4
21. Na4 Bd7 22. Rc7 Bxa4 23. Rxe7 Bxc2 24. Bc4 Rfe8 25. Rxe8+ Rxe8 26. Rxf6
Bxe4 27. Rf4 Bd5 28. Rxd4 Rd8 29. Bxa6 Ra8 30. Be2 Rxa2 31. Bf3 1/2-1/2

[Event "5. Abierto Ciudad de Dos Hermanas"]
[Site "Dos Hermanas ESP"]
[Date "2006.04.04"]
[Round "6"]
[White "Kononenko, Tatiana"]
[Black "Handke, Florian"]
[Result "0-1"]
[WhiteElo "2417"]
[BlackElo "2474"]
[PlyCount "98"]
[EventDate "2006.03.30"]
[EventType "swiss"]
[EventRounds "9"]
[EventCountry "ESP"]
[Source "lmi"]
[SourceDate "2006.04.07"]

1. d4 Nf6 2. c4 e6 3. Nf3 b6 4. Nc3 Bb4 5. Bg5 h6 6. Bh4 Bb7 7. e3 Bxc3+ 8.
bxc3 d6 9. Nd2 Nbd7 10. f3 Nf8 11. Bd3 Ng6 12. Bf2 O-O 13. Qc2 Qe8 14. O-O e5
15. Rfe1 Rd8 16. a4 a5 17. Qb1 Bc6 18. Bc2 Rd7 19. e4 Nh5 20. Nf1 Nhf4 21. Ne3
Qe7 22. Qd1 Qg5 23. Kh1 h5 24. Ra2 h4 25. Bb1 Rdd8 26. Rg1 Bd7 27. Qe1 Rde8 28.
d5 Qh5 29. Nf5 f6 30. Nxh4 Nxh4 31. Bxh4 g5 32. Bg3 Kf7 33. Bxf4 gxf4 34. g4
fxg3 35. Rxg3 Bh3 36. Kg1 Rh8 37. Kf2 Bd7 38. Kg1 Reg8 39. Rag2 Bxa4 40. Rxg8
Rxg8 41. Rxg8 Kxg8 42. Qg3+ Qg5 43. Ba2 Kf7 44. Qxg5 fxg5 45. Kf2 Kg6 46. Ke3
Kh5 47. Bb1 Kh4 48. Kd2 Kh3 49. Bd3 Kxh2 0-1

[Event "5. Abierto Ciudad de Dos Hermanas"]
[Site "Dos Hermanas ESP"]
[Date "2006.04.04"]
[Round "6"]
[White "Spraggett, Kevin"]
[Black "Teran Alvarez, Ismael"]
[Result "1-0"]
[WhiteElo "2581"]
[BlackElo "2446"]
[PlyCount "109"]
[EventDate "2006.03.30"]
[EventType "swiss"]
[EventRounds "9"]
[EventCountry "ESP"]
[Source "lmi"]
[SourceDate "2006.04.07"]

1. e4 c5 2. Nf3 d6 3. d4 cxd4 4. Nxd4 Nf6 5. Nc3 a6 6. Bg5 e6 7. f4 Qc7 8. Bxf6
gxf6 9. Be2 Nc6 10. Qd2 Bd7 11. O-O-O h5 12. Kb1 O-O-O 13. Rhf1 Kb8 14. Rf3
Nxd4 15. Qxd4 Be7 16. Rfd3 Bc6 17. Bf3 h4 18. a3 Rc8 19. Qf2 Qa5 20. Bg4 Qc5
21. Qd2 Rhg8 22. h3 Rc7 23. Re1 Ka8 24. Re2 Rgc8 25. Qe1 Be8 26. f5 Qe5 27. Nd5
Bb5 28. Nxc7+ Rxc7 29. Qd2 Bf8 30. Ree3 Bxd3 31. Qxd3 Bh6 32. Re2 Rc6 33. c3
Bf4 34. Ka2 Bh2 35. Bh5 Rc7 36. Rd2 Bf4 37. Rd1 Kb8 38. Bg4 Rc5 39. Rf1 Bg5 40.
Bf3 Rc6 41. Bh5 Rc7 42. Bd1 Rc6 43. Bb3 Rb6 44. fxe6 fxe6 45. Qc4 Qg3 46. Qxe6
Qxg2 47. Qg8+ Ka7 48. Rxf6 Qd2 49. Rf8 Rb5 50. Ra8+ Kb6 51. Qf7 Qf4 52. Qc4 Bf6
53. a4 Rc5 54. Qb4+ Kc7 55. Ra7 1-0

[Event "5. Abierto Ciudad de Dos Hermanas"]
[Site "Dos Hermanas ESP"]
[Date "2006.04.04"]
[Round "6"]
[White "Barrero Garcia, Carlos"]
[Black "Korneev, Oleg"]
[Result "1-0"]
[WhiteElo "2302"]
[BlackElo "2649"]
[PlyCount "143"]
[EventDate "2006.03.30"]
[EventType "swiss"]
[EventRounds "9"]
[EventCountry "ESP"]
[Source "lmi"]
[SourceDate "2006.04.07"]

1. d4 d5 2. c4 e6 3. Nc3 c6 4. e4 dxe4 5. Nxe4 Bb4+ 6. Bd2 Qxd4 7. Bxb4 Qxe4+
8. Be2 Na6 9. Bd6 e5 10. Nf3 Bg4 11. O-O O-O-O 12. Bd3 Qf4 13. Bxe5 Qxe5 14.
Nxe5 Bxd1 15. Raxd1 Nh6 16. Rfe1 Rhe8 17. Kf1 Nb4 18. a3 Nxd3 19. Rxd3 Rxd3 20.
Nxd3 Rd8 21. Ke2 Nf5 22. Kd2 h5 23. Kc3 g6 24. Nc5 Re8 25. Nd3 Rxe1 26. Nxe1
Kd7 27. Nf3 c5 28. b4 cxb4+ 29. axb4 f6 30. Nd4 Nxd4 31. Kxd4 Kd6 32. c5+ Kc6
33. Kc4 a6 34. h3 b6 35. cxb6 Kxb6 36. g3 Kc6 37. f3 Kb6 38. Kc3 Kb5 39. Kb3
Kc6 40. Kc4 Kd6 41. Kd4 Kc6 42. Kc4 Kb6 43. Kc3 Kc7 44. Kd3 Kd7 45. Kc3 g5 46.
g4 h4 47. Kd4 Kc6 48. Kc4 Kd6 49. Kd4 Kc6 50. Kc4 Kb6 51. Kb3 Kb5 52. Ka3 Kc4
53. Ka4 Kc3 54. Ka5 Kb3 55. Kxa6 Kxb4 56. Kb6 Kc4 57. Kc6 Kd4 58. Kd6 Ke3 59.
Ke6 Kxf3 60. Kxf6 Kg3 61. Kxg5 Kxh3 62. Kf4 Kg2 63. g5 h3 64. g6 h2 65. g7 h1=Q
66. g8=Q+ Kf1 67. Qc4+ Kf2 68. Qc2+ Kf1 69. Qd1+ Kg2 70. Qe2+ Kh3 71. Qg4+ Kh2
72. Qg3# 1-0

[Event "5. Abierto Ciudad de Dos Hermanas"]
[Site "Dos Hermanas ESP"]
[Date "2006.04.04"]
[Round "6"]
[White "Carlsson, Pontus"]
[Black "Biedma Martin, Enrique"]
[Result "1-0"]
[WhiteElo "2430"]
[BlackElo "2287"]
[PlyCount "119"]
[EventDate "2006.03.30"]
[EventType "swiss"]
[EventRounds "9"]
[EventCountry "ESP"]
[Source "lmi"]
[SourceDate "2006.04.07"]

1. e4 e5 2. Nf3 Nc6 3. Bb5 a6 4. Ba4 Nf6 5. O-O Be7 6. Re1 b5 7. Bb3 d6 8. c3
O-O 9. h3 Na5 10. Bc2 c5 11. d4 Qc7 12. Nbd2 Nc6 13. d5 Nd8 14. a4 Rb8 15. axb5
axb5 16. b4 c4 17. Nf1 Ne8 18. g4 g6 19. Bh6 Ng7 20. Ng3 f6 21. Kh2 Nf7 22. Be3
Bd7 23. Ra7 Rb7 24. Ra6 Qc8 25. Rg1 Kh8 26. Qf1 Rb8 27. Ra7 Ra8 28. Qa1 Qb8 29.
Qa6 Rxa7 30. Bxa7 Qc8 31. Qxc8 Rxc8 32. Ra1 Ra8 33. Ra5 Bd8 34. Bb6 Rxa5 35.
bxa5 Bxb6 36. axb6 Bc8 37. Nd2 Kg8 38. Nb1 Nd8 39. Na3 Ba6 40. Ne2 f5 41. Nc1
fxe4 42. Na2 Ne8 43. Nb4 Bb7 44. Nxb5 Kf7 45. Bxe4 Ke7 46. f3 Ba8 47. Na3 Nb7
48. Nxc4 Nc5 49. g5 Na4 50. Na2 Ng7 51. Bc2 Nc5 52. Nb4 Nh5 53. Na5 Nf4 54. c4
Kd8 55. Na2 Ne2 56. Bd1 Nd4 57. Nc3 Kc8 58. Ne4 Nf5 59. Nxc5 dxc5 60. f4 1-0

[Event "5. Abierto Ciudad de Dos Hermanas"]
[Site "Dos Hermanas ESP"]
[Date "2006.04.04"]
[Round "6"]
[White "Colovic, Aleksandar"]
[Black "Cheparinov, Ivan"]
[Result "0-1"]
[WhiteElo "2459"]
[BlackElo "2625"]
[PlyCount "156"]
[EventDate "2006.03.30"]
[EventType "swiss"]
[EventRounds "9"]
[EventCountry "ESP"]
[Source "lmi"]
[SourceDate "2006.04.07"]

1. e4 c5 2. Nf3 d6 3. d4 cxd4 4. Nxd4 Nf6 5. Nc3 a6 6. Bc4 e6 7. Bb3 b5 8. f4
Bb7 9. Be3 Nbd7 10. O-O Rc8 11. Qe2 Nc5 12. Rad1 Nxb3 13. cxb3 Qc7 14. f5 e5
15. Nf3 h6 16. Bf2 b4 17. Nd5 Nxd5 18. exd5 Qc2 19. Qe1 Qxf5 20. Qxb4 Qd7 21.
Nh4 g6 22. Qe4 f5 23. Qf3 Rg8 24. Be3 Qf7 25. Qe2 Bxd5 26. Qxa6 Qb7 27. Qe2 Be7
28. Nf3 f4 29. Bc1 g5 30. Ne1 Kf7 31. Bd2 Bf6 32. Bc3 Rgd8 33. h3 Be4 34. Nf3
Bf5 35. Rfe1 Kg7 36. Nh2 Qa7+ 37. Kh1 Qxa2 38. Ng4 Bxg4 39. Qxg4 Qxb3 40. Rxd6
Rxd6 41. Qxc8 Qe6 42. Qb7+ Rd7 43. Qe4 Re7 44. b4 g4 45. hxg4 Qxg4 46. Re3 Qg6
47. Re1 Qxe4 48. Rxe4 Kg6 49. b5 Rb7 50. Rb4 Kf5 51. b6 Be7 52. Rb5 Bd6 53. Ba5
Ke6 54. Kg1 Kd7 55. Kf2 Kc6 56. Rb1 e4 57. Rh1 Bc5+ 58. Ke2 Rg7 59. Rxh6+ Kb5
60. b7 Rxb7 61. Bd2 e3 62. Be1 Kc4 63. Rf6 Rb2+ 64. Kf3 Kd3 65. Rxf4 Rb1 66.
Bh4 e2 67. Rf5 Rf1+ 68. Kg4 Bd4 69. Rf3+ Ke4 70. Bg3 Be3 71. Bh4 Bc5 72. Bg3
Bd6 73. Bh4 Be5 74. Kg5 Rg1 75. Kh5 Rxg2 76. Rb3 Rh2 77. Rb1 Bg3 78. Rb4+ Kd5
0-1

[Event "5. Abierto Ciudad de Dos Hermanas"]
[Site "Dos Hermanas ESP"]
[Date "2006.04.04"]
[Round "6"]
[White "Diaz Castro, Sergio"]
[Black "Ivanov, Jordan"]
[Result "1/2-1/2"]
[WhiteElo "2241"]
[BlackElo "2348"]
[PlyCount "120"]
[EventDate "2006.03.30"]
[EventType "swiss"]
[EventRounds "9"]
[EventCountry "ESP"]
[Source "lmi"]
[SourceDate "2006.04.07"]

1. d4 d5 2. c4 dxc4 3. Nf3 c6 4. e4 b5 5. a4 e6 6. axb5 cxb5 7. b3 Bb4+ 8. Bd2
Bxd2+ 9. Nbxd2 Nc6 10. bxc4 Nxd4 11. cxb5 Ne7 12. Nxd4 Qxd4 13. Be2 O-O 14. O-O
Bb7 15. Ra4 Qd8 16. Nb3 Qb6 17. Qd4 Rfd8 18. Qb4 Ng6 19. Rfa1 Nf4 20. Bf1 e5
21. Qc5 Qg6 22. Rxa7 Rxa7 23. Rxa7 Bxe4 24. Rd7 Rf8 25. f3 Bxf3 26. Rd2 h5 27.
Qxe5 Nh3+ 28. Kh1 Qb1 29. Qa1 Qxb3 30. gxf3 Nf4 31. Qd1 Qe3 32. Rd8 Rxd8 33.
Qxd8+ Kh7 34. Qa8 Qf2 35. Qe4+ g6 36. Qc4 Nd5 37. h3 Qxf3+ 38. Kg1 Kh6 39. Qd4
Ne3 40. Qd3 f5 41. b6 f4 42. Qe2 Qe4 43. Qd3 Qf3 44. Qe2 Qb7 45. Qa6 Qf3 46.
Qe2 Qe4 47. Qd3 Qf3 48. Qe2 Qg3+ 49. Bg2 Nxg2 50. Qxg2 Qe1+ 51. Kh2 Qe5 52. Kg1
Qe1+ 53. Kh2 Qe5 54. Kg1 Qe1+ 55. Kh2 Qc3 56. h4 Kh7 57. Qb7+ Kh6 58. Qg2 Kh7
59. Qb7+ Kh6 60. Qg2 Kh7 1/2-1/2

[Event "5. Abierto Ciudad de Dos Hermanas"]
[Site "Dos Hermanas ESP"]
[Date "2006.04.05"]
[Round "7"]
[White "Handke, Florian"]
[Black "Spraggett, Kevin"]
[Result "1/2-1/2"]
[WhiteElo "2474"]
[BlackElo "2581"]
[PlyCount "76"]
[EventDate "2006.03.30"]
[EventType "swiss"]
[EventRounds "9"]
[EventCountry "ESP"]
[Source "lmi"]
[SourceDate "2006.04.07"]

1. e4 c5 2. Nf3 d6 3. c3 Nf6 4. Be2 Nbd7 5. d3 b6 6. O-O Bb7 7. Nbd2 e6 8. Re1
Be7 9. Bf1 O-O 10. d4 Qc7 11. Bd3 Rfd8 12. Qe2 Nh5 13. Nf1 g6 14. g4 Nhf6 15.
h3 Bf8 16. Ng3 Bg7 17. Bg5 Re8 18. Qd2 a6 19. Bh6 cxd4 20. cxd4 b5 21. Rac1 Qb6
22. Be3 Nf8 23. Qb4 Rab8 24. d5 Qd8 25. dxe6 Nxe6 26. Bb1 d5 27. Rcd1 Qc7 28.
Rc1 Qd8 29. Rcd1 Qe7 30. Qxe7 Rxe7 31. Bc1 dxe4 32. Nxe4 Nxe4 33. Bxe4 Bxe4 34.
Rxe4 Rc8 35. Re2 h6 36. Kf1 Rec7 37. Be3 Rc2 38. b3 R2c6 1/2-1/2

[Event "5. Abierto Ciudad de Dos Hermanas"]
[Site "Dos Hermanas ESP"]
[Date "2006.04.05"]
[Round "7"]
[White "Krivoshey, Sergei"]
[Black "Perez, Rodney"]
[Result "1-0"]
[WhiteElo "2553"]
[BlackElo "2425"]
[PlyCount "55"]
[EventDate "2006.03.30"]
[EventType "swiss"]
[EventRounds "9"]
[EventCountry "ESP"]
[Source "lmi"]
[SourceDate "2006.04.07"]

1. d4 d5 2. c4 c6 3. Nf3 Nf6 4. Qb3 dxc4 5. Qxc4 Bf5 6. g3 e6 7. Bg2 Be7 8. O-O
O-O 9. Nc3 Nbd7 10. Re1 Ne4 11. Qb3 Qb6 12. Nh4 Qxb3 13. axb3 Bxh4 14. gxh4
Nef6 15. Bf4 Rfe8 16. Bd6 e5 17. dxe5 Nxe5 18. Ra5 c5 19. Bxb7 Rad8 20. Bxc5
Rb8 21. Bg2 Nd3 22. Rea1 Nxc5 23. Rxc5 Be6 24. Rb5 Rxb5 25. Nxb5 Bxb3 26. Nd4
Bc4 27. Rxa7 Bxe2 28. Bc6 1-0

[Event "5. Abierto Ciudad de Dos Hermanas"]
[Site "Dos Hermanas ESP"]
[Date "2006.04.05"]
[Round "7"]
[White "Candela Perez, Jose"]
[Black "Lalic, Bogdan"]
[Result "1/2-1/2"]
[WhiteElo "2410"]
[BlackElo "2488"]
[PlyCount "28"]
[EventDate "2006.03.30"]
[EventType "swiss"]
[EventRounds "9"]
[EventCountry "ESP"]
[Source "lmi"]
[SourceDate "2006.04.07"]

1. d4 Nf6 2. c4 g6 3. Nc3 d5 4. cxd5 Nxd5 5. e4 Nxc3 6. bxc3 Bg7 7. Bc4 c5 8.
Ne2 O-O 9. O-O Nc6 10. Be3 cxd4 11. cxd4 Na5 12. Bd3 b6 13. Rc1 Bb7 14. Qa4 Rc8
1/2-1/2

[Event "5. Abierto Ciudad de Dos Hermanas"]
[Site "Dos Hermanas ESP"]
[Date "2006.04.05"]
[Round "7"]
[White "Rodriguez Aguilera, Antonio"]
[Black "Kononenko, Tatiana"]
[Result "1/2-1/2"]
[WhiteElo "2231"]
[BlackElo "2417"]
[PlyCount "33"]
[EventDate "2006.03.30"]
[EventType "swiss"]
[EventRounds "9"]
[EventCountry "ESP"]
[Source "lmi"]
[SourceDate "2006.04.07"]

1. Nf3 d5 2. g3 c6 3. Bg2 Bg4 4. O-O Nd7 5. c4 e6 6. b3 Ngf6 7. Bb2 Bd6 8. d4
O-O 9. Nbd2 Qb8 10. Re1 b5 11. e4 Bb4 12. e5 Ne4 13. Nxe4 Bxe1 14. Qxe1 dxe4
15. Qxe4 Bxf3 16. Bxf3 Rc8 17. d5 1/2-1/2

[Event "5. Abierto Ciudad de Dos Hermanas"]
[Site "Dos Hermanas ESP"]
[Date "2006.04.05"]
[Round "7"]
[White "Prados Montaño, Antonio"]
[Black "Zambrana, Oswaldo"]
[Result "0-1"]
[WhiteElo "2203"]
[BlackElo "2405"]
[PlyCount "66"]
[EventDate "2006.03.30"]
[EventType "swiss"]
[EventRounds "9"]
[EventCountry "ESP"]
[Source "lmi"]
[SourceDate "2006.04.07"]

1. e4 c5 2. Nc3 Nc6 3. g3 g6 4. Bg2 Bg7 5. d3 d6 6. Be3 e6 7. Qd2 Nd4 8. f4 Ne7
9. Nf3 O-O 10. O-O b6 11. e5 Nxf3+ 12. Bxf3 Rb8 13. Rae1 Bb7 14. Qg2 Bxf3 15.
Qxf3 Nf5 16. Bd2 c4 17. Rf2 Nd4 18. Qd1 cxd3 19. cxd3 dxe5 20. fxe5 Nc6 21. Ne4
Nxe5 22. Bf4 Rb7 23. Nc5 bxc5 24. Bxe5 Bxe5 25. Rxe5 Rxb2 26. Rxb2 Qd4+ 27. Rf2
Qxe5 28. Qa4 Qc7 29. Rc2 Qb6 30. Qc4 Rd8 31. Qxc5 Rxd3 32. Qxb6 axb6 33. Rb2
Ra3 0-1

[Event "5. Abierto Ciudad de Dos Hermanas"]
[Site "Dos Hermanas ESP"]
[Date "2006.04.05"]
[Round "7"]
[White "Caruana, Fabiano"]
[Black "Neelotpal, Das"]
[Result "0-1"]
[WhiteElo "2409"]
[BlackElo "2512"]
[PlyCount "68"]
[EventDate "2006.03.30"]
[EventType "swiss"]
[EventRounds "9"]
[EventCountry "ESP"]
[Source "lmi"]
[SourceDate "2006.04.07"]

1. e4 c5 2. Nf3 e6 3. b3 a6 4. c4 d5 5. cxd5 exd5 6. exd5 Nf6 7. Bb2 Be7 8. Be2
O-O 9. O-O Nxd5 10. d4 Nf4 11. dxc5 Bf6 12. Bxf6 Qxf6 13. Nbd2 Bh3 14. g3 Nxe2+
15. Qxe2 Bxf1 16. Rxf1 Nd7 17. b4 Rfe8 18. Qc4 Rad8 19. Qb3 b6 20. Rc1 Ne5 21.
Rc3 Ng4 22. Rd3 bxc5 23. bxc5 Qa1+ 24. Kg2 Rxd3 25. Qxd3 Qxa2 26. c6 Nf6 27.
Nc4 Ne4 28. Qd4 Nxf2 29. c7 Ne4+ 30. Kh3 Qe2 31. Nce5 Nf2+ 32. Kg2 Nd3+ 33. Kg1
Qd1+ 34. Kg2 Qc2+ 0-1